Every 100,000+ city in USA: Minnesota - Statistics

General Stats
  • This quiz has been taken 51 times
  • The average score is 5 of 5
Answer Stats
Letter Population City % Correct
M 3,552,646 Minneapolis
100%
S-P 310,975 Saint Paul
100%
D 126,885 Duluth
95%
R 158,809 Rochester
93%
S-C 120,043 St Cloud
67%
No matching quizzes found
Score Distribution
Percent of People with Each Score
Percentile by Number Answered
Your Score History
You have not taken this quiz